Skróty edukacyjne - Statystyki

Ogólne statystyki
  • Ten quiz został rozwiązany 27 razy
    24 od ostatniego zresetowania
  • Średni wynik to 14 z 21
Statystyki odpowiedzi
Skrót Pełna nazwa % Poprawnych
BDB bardzo dobry
95%
DB dobry
95%
CEL celujący
89%
DOP dopuszczający
89%
DST dostateczny
89%
LO Liceum Ogólnokształcące
89%
NDST niedostateczny
89%
WOS Wiedza o Społeczeństwie
89%
WF Wychowanie Fizyczne
89%
MEN Ministerstwo Edukacji Narodowej
84%
WDŻ Wychowanie do Życia
84%
EDB Edukacja dla Bezpieczeństwa
74%
SP Szkoła Podstawowa / spóźnienie
74%
CKE Centralna Komisja Egzaminacyjna
63%
EZ Edukacja Zdrowotna
47%
ZS Zespół Szkół
37%
EW Edukacja Wczesnoszkolna
32%
NN Nieobecnośc Nieusprawiedliwiona
26%
NU Nieobecność Usprawiedliwiona
26%
DZ Doradztwo Zawodowe
11%
ZZW / GW Zajęcia z wychowawcą / Godzina wychowawcza
11%
Nie znaleziono quizów pasujących do podanych kryteriów
Rozkład punktacji
Procent ludzi z każdym wynikiem
Percentyl według liczby udzielonych odpowiedzi
Twoja historia wyników
Nie rozwiązałeś tego quizu od ostatniego zresetowania